Marcos Chaves /
Spremljeno u:
| Glavni autor: | |
|---|---|
| Format: | Nepoznato |
| Jezik: | Portuguese |
| Izdano: |
Rio de Janeiro :
Casa da Palavra,
c2007.
|
| Serija: | (Arte Bra)
|
| Teme: | |
| Oznake: |
Dodaj oznaku
Bez oznaka, Budi prvi tko označuje ovaj zapis!
|
MARC
| LEADER | 000000000a22000000004500 | ||
|---|---|---|---|
| 001 | 004435 | ||
| 020 | |a 9788577340446 | ||
| 041 | 0 | |a por | |
| 082 | 0 | 4 | |a 709.81 |b Ch512m |
| 100 | 1 | |a Chaves, Marcos, |d 1961- | |
| 245 | 1 | 0 | |a Marcos Chaves / |c Marcos Chaves. |
| 260 | 1 | |a Rio de Janeiro : |b Casa da Palavra, |c c2007. | |
| 300 | |a 173 páginas : |b ilustraciones a color | ||
| 490 | 1 | |a (Arte Bra) | |
| 500 | |a Texto también en inglés | ||
| 500 | |a Colección George Yúdice | ||
| 650 | 4 | |a CHAVES, MARCOS, 1961- | |
| 650 | 4 | |a ARTE CONTEMPORANEO | |
| 650 | 4 | |a BRASIL | |
| 650 | 4 | |a NAVAS, ADOLFO, 1954- | |
| 999 | |c 10596 |d 10596 | ||
| 942 | |c BK |h 709.81 Ch512m |2 z | ||



